[Event "Tourn. n9853"]
[Site "www.echecsemail.com"]
[Date "2018.07.12"]
[Round "1"]
[White "Szustan"]
[Black "Coolant"]
[WhiteElo "2610"]
[BlackElo "2390"]
[Result "1/2-1/2"]
[Round "1"]
1.e4 d5
2.exd5 Qd8xd5
3.Nb1c3 Qd5a5
4.d4 Ng8f6
5.Ng1f3 Bc8f5
6.Bc1d2 Qa5b6
7.Nc3a4 Qb6d6
8.Na4c5 Nb8d7
9.Nc5xb7 Qd6b6
10.Nb7a5 Qb6xb2
11.Bf1d3 Bf5xd3
12.cxd3 e6
13.O-O Bf8d6
14.h3 O-O
15.Na5c6 Qb2b5
16.Qd1c2 Nd7b6
17.Ra1b1 Qb5f5
18.Nf3h4 Qf5h5
19.Nh4f3 { draw }
1/2-1/2

[Event "Tourn. n9820"]
[Site "www.echecsemail.com"]
[Date "2018.07.12"]
[Round "1"]
[White "Reignblowcan"]
[Black "Ejner"]
[WhiteElo "2260"]
[BlackElo "2430"]
[Result "1-0"]
[Round "1"]
1.c4 e6
2.Nb1c3 d5
3.d4 c5
4.Ng1f3 cxd4
5.Nf3xd4 Nb8c6
6.cxd5 exd5
7.Bc1f4 Bf8b4
8.Nd4b5 d4
9.a3 Bb4a5
10.b4 Nc6xb4
11.Nb5d6 Qd8xd6
12.Bf4xd6 Nb4c2
13.Qd1xc2 Ba5xc3
14.Kd1 Bc3xa1
15.e3 Bc8d7
16.Qc2e4 Kd8
17.Qe4b1 Ba1c3
18.Qb1xb7 Ra8c8
19.Qb7xa7 Ng8e7
20.Bf1b5 Ne7c6
21.Qa7c5 f6
22.Bb5a6 Rc8a8
23.Ba6b7 { resign }
1-0

[Event "1/16 Finale"]
[Site "www.chess-mail.com"]
[Date "2018.07.12"]
[Round "1"]
[White "Asoka"]
[Black "Guidom"]
[WhiteElo "2690"]
[BlackElo "2170"]
[Result "1-0"]
[Round "1"]
1.e4 e5
2.Ng1f3 Nb8c6
3.Bf1b5 a6
4.Bb5xc6 dxc6
5.O-O Bc8g4
6.h3 Bg4xf3
7.Qd1xf3 Bf8c5
8.Qf3g3 Qd8f6
9.d3 Ng8e7
10.Bc1e3 Bc5d6
11.Nb1d2 O-O
12.Qg3g4 Ne7g6
13.Be3g5 Qf6e6
14.Qg4xe6 fxe6
15.Nd2c4 Bd6c5
16.g3 h6
17.Bg5d2 Rf8f3
18.Kg2 Rf3f7
19.h4 Bc5d6
20.Bd2c3 h5
21.a4 b6
22.b4 Rf7f8
23.Nc4d2 b5
24.Nd2b3 Ng6e7
25.Ra1a2 Ra8b8
26.Rf1a1 g6
27.axb5 axb5
28.Nb3c5 Bd6xc5
29.bxc5 Rb8b7
30.Ra2a7 Rf8b8
31.Bc3xe5 Kf7
32.Be5xc7 Rb7xa7
33.Ra1xa7 Rb8e8
34.Bc7d6 Kf6
35.d4 b4
36.Ra7xe7 Re8xe7
37.Bd6xe7 Kxe7
38.Kf3 Kf7
39.Kf4 Kf6
40.e5 Kf7
41.Kg5 Kg7
42.f4 Kf7
43.Kh6 { resign }
1-0

[Event "Fast Game"]
[Site "www.echecsemail.com"]
[Date "2018.07.12"]
[Round "1"]
[White "Hennie4820"]
[Black "J1j6"]
[WhiteElo "1750"]
[BlackElo "1599"]
[Result "1-0"]
[Round "1"]
1.e4 c6
2.d4 e5
3.Ng1f3 exd4
4.Nf3xd4 d5
5.exd5 cxd5
6.Bf1d3 Bf8d6
7.O-O Qd8c7
8.Rf1e1 Ng8e7
9.Nb1c3 Bd6xh2
10.Kh1 Bh2d6
11.Nd4b5 Qc7c5
12.Qd1e2 Bc8e6
13.Nb5xd6 Qc5xd6
14.Bc1g5 O-O
15.Bg5xe7 Qd6xe7
16.Nc3xd5 Qe7d6
17.Nd5c3 Nb8d7
18.Ra1d1 Qd6b4
19.Rd1b1 Ra8e8
20.a3 Qb4h4
21.Kg1 Nd7c5
22.Bd3b5 Re8c8
23.g3 Qh4h3
24.Qe2f3 a6
25.Bb5f1 Qh3h6
26.Rb1c1 b5
27.Nc3e4 Nc5xe4
28.Qf3xe4 Rc8e8
29.Bf1g2 f5
30.Qe4c6 Kh8
31.Qc6xa6 f4
32.Qa6xb5 fxg3
33.fxg3 Re8b8
34.Qb5c5 Be6g4
35.b3 Qh6d2
36.Qc5e3 Qd2d6
37.a4 h5
38.Qe3e5 Qd6b6
39.Qe5e3 Qb6b4
40.Qe3g5 Rb8c8
41.Re1e4 Qb4b6
42.Kh2 Qb6f2
43.Re4e7 Rf8g8
44.c4 Bg4h3
45.Qg5xh5 
1-0

[Event "Tourn. n9844"]
[Site "www.echecsemail.com"]
[Date "2018.07.13"]
[Round "1"]
[White "Jjmcbride"]
[Black "Julian"]
[WhiteElo "1660"]
[BlackElo "1900"]
[Result "0-1"]
[Round "1"]
1.c4 d5
2.e3 c6
3.d4 Ng8f6
4.Nb1c3 e6
5.Ng1f3 Bf8d6
6.h3 O-O
7.Bf1d3 Nb8d7
8.a3 dxc4
9.Bd3xc4 e5
10.dxe5 Nd7xe5
11.Nf3xe5 Bd6xe5
12.O-O Bc8e6
13.Bc4d3 Qd8e7
14.f4 Be5c7
15.g4 Ra8d8
16.Qd1c2 h6
 { time }
0-1

[Event "Tourn. n9863"]
[Site "www.echecsemail.com"]
[Date "2018.07.13"]
[Round "1"]
[White "Picifarkinca"]
[Black "Alekpax"]
[WhiteElo "1570"]
[BlackElo "1539"]
[Result "0-1"]
[Round "1"]
1.d4 Ng8f6
2.c4 e5
3.dxe5 Nf6g4
4.Ng1f3 Bf8c5
5.e3 Nb8c6
6.Bf1e2 O-O
7.O-O Ng4xe5
8.Nf3xe5 Nc6xe5
9.Nb1c3 d6
10.a3 a5
11.Nc3e4 Bc8f5
12.Ne4g3 Bf5e6
13.b3 Qd8h4
14.Bc1b2 Ne5g4
15.Be2xg4 Qh4xg4
16.Qd1xg4 Be6xg4
17.Bb2d4 Bg4e6
18.Bd4xc5 dxc5
19.Ra1d1 a4
{ resign }
0-1

[Event "Match"]
[Site "www.echecsemail.com"]
[Date "2018.07.13"]
[Round "1"]
[White "Krystek23"]
[Black "J1j6"]
[WhiteElo "2490"]
[BlackElo "1699"]
[Result "1-0"]
[Round "1"]
1.c4 e6
2.Nb1c3 c5
3.Ng1f3 g6
4.d4 Qd8f6
5.e4 cxd4
6.e5 Qf6e7
7.Nf3xd4 Nb8c6
8.Nd4xc6 bxc6
9.Bc1f4 f6
10.exf6 Qe7xf6
11.Qd1d2 Bf8b4
12.Ra1d1 Bb4xc3
13.bxc3 Ng8e7
14.Bf1d3 O-O
15.Bf4d6 Bc8b7
16.O-O Rf8f7
17.c5 Ne7f5
18.Bd6c7 Ra8c8
19.Bc7f4 e5
20.Bf4g5 Qf6e6
21.Rf1e1 Rc8e8
22.f4 Qe6d5
23.Qd2f2 Qd5e6
24.Re1xe5 Qe6xe5
25.fxe5 Re8xe5
26.Bd3c4 { resign }
1-0

[Event "Tourn. n9851"]
[Site "www.echecsemail.com"]
[Date "2018.07.13"]
[Round "1"]
[White "Picifarkinca"]
[Black "Alessiov"]
[WhiteElo "1570"]
[BlackElo "1580"]
[Result "0-1"]
[Round "1"]
1.d4 f5
2.Nb1c3 Ng8f6
3.e4 fxe4
4.Bc1g5 Nb8c6
5.Bg5xf6 exf6
6.Nc3xe4 Qd8e7
7.Qd1e2 Nc6xd4
8.Qe2d3 d5
9.Qd3xd4 Qe7xe4
10.Qd4xe4 dxe4
11.Bf1c4 Bc8d7
12.Ng1e2 O-O-O
13.O-O Bf8d6
14.c3 Rh8e8
15.Ra1d1 f5
16.Ne2d4 f4
17.b4 Bd6e5
18.Rf1e1 Be5f6
19.Kf1 c6
20.a4 Kc7
{ resign }
0-1

[Event "Tourn. n9889"]
[Site "www.echecsemail.com"]
[Date "2018.07.13"]
[Round "1"]
[White "Cirovicz"]
[Black "Fantomas"]
[WhiteElo "2140"]
[BlackElo "2110"]
[Result "1/2-1/2"]
[Round "1"]
1.e4 e6
2.d4 d5
3.Nb1c3 dxe4
4.Nc3xe4 Ng8f6
5.Bc1g5 Bf8e7
6.Ne4xf6 Be7xf6
7.Bg5xf6 Qd8xf6
8.c3 O-O
9.Qd1f3 Qf6xf3
10.Ng1xf3 b6
11.Bf1e2 { draw }
1/2-1/2

[Event "Tourn. n9876"]
[Site "www.echecsemail.com"]
[Date "2018.07.13"]
[Round "1"]
[White "J1j6"]
[Black "Liencam2"]
[WhiteElo "2239"]
[BlackElo "2360"]
[Result "0-1"]
[Round "1"]
1.e3 d5
2.d4 c5
3.dxc5 e5
4.c4 Ng8f6
5.b4 a5
6.cxd5 axb4
7.Qd1b3 Bf8xc5
8.Bf1b5 Bc8d7
9.Bb5xd7 Nb8xd7
10.Bc1b2 O-O
11.Nb1d2 e4
12.Qb3c4 Rf8e8
13.Ng1e2 b6
14.O-O Nd7e5
15.Nd2xe4 Ne5xc4
{ resign }
0-1

[Event "Tourn. n9804"]
[Site "www.echecsemail.com"]
[Date "2018.07.13"]
[Round "1"]
[White "Aperturaf"]
[Black "Seger"]
[WhiteElo "2740"]
[BlackElo "2820"]
[Result "1/2-1/2"]
[Round "1"]
1.e4 c5
2.Ng1f3 g6
3.d4 cxd4
4.Nf3xd4 Bf8g7
5.c4 Nb8c6
6.Bc1e3 d6
7.Nb1c3 Ng8h6
8.Bf1e2 f5
9.exf5 Nh6xf5
10.Nd4xf5 Bc8xf5
11.O-O O-O
12.Qd1d2 Rf8f7
13.Ra1c1 Qd8a5
14.Rf1d1 Ra8b8
15.b3 b6
16.Nc3b5 Qa5xd2
17.Rd1xd2 h5
18.g3 Bf5g4
19.Be2f1 Nc6e5
20.Bf1g2 a6
21.Nb5d4 Ne5f3
22.Nd4xf3 Bg4xf3
23.a4 Bf3xg2
24.Kxg2 Kf8
25.b4 Ke8
26.Rd2d3 Rf7f5
27.Rc1c2 Rb8b7
28.b5 a5
29.Rd3d2 Rf5f8
30.f4 Kf7
31.Kf3 Rb7b8
32.h3 Rf8h8
33.Ke4 Ke6
34.Rd2d1 Bg7f6
35.Rd1d2 Rh8h7
36.Rd2g2 Rh7h8
{ draw }
1/2-1/2

[Event "Match"]
[Site "www.echecsemail.com"]
[Date "2018.07.13"]
[Round "1"]
[White "Trusivka"]
[Black "Hundegana"]
[WhiteElo "1499"]
[BlackElo "2080"]
[Result "0-1"]
[Round "1"]
1.d4 c5
2.dxc5 Qd8a5
3.Bc1d2 Qa5xc5
4.c3 e6
5.e3 Ng8e7
6.Qd1c2 g6
7.b3 Bf8g7
8.c4 Bg7xa1
9.b4 Qc5e5
10.Qc2d1 O-O
11.Nb1a3 Ba1c3
12.Bd2xc3 Qe5xc3
13.Ke2 Qc3xa3
14.Ke1 Qa3xb4
15.Ke2 Qb4xc4
16.Ke1 Qc4xa2
17.Bf1d3 Nb8c6
18.Bd3e4 Nc6e5
19.Be4b1 Qa2a5
20.Qd1d2 Qa5xd2
21.Kxd2 d5
22.Kc1 Bc8d7
23.Ng1e2 Ra8c8
24.Ne2c3 Rc8xc3
 { time }
0-1

[Event "Match"]
[Site "www.echecsemail.com"]
[Date "2018.07.13"]
[Round "1"]
[White "Guidom"]
[Black "Trusivka"]
[WhiteElo "2120"]
[BlackElo "1590"]
[Result "1-0"]
[Round "1"]
1.e4 d6
2.d4 c6
3.Ng1f3 d5
4.e5 f6
5.exf6 exf6
6.Bf1e2 g6
7.O-O Bf8e7
8.c3 Bc8f5
9.Bc1f4 g5
10.Bf4g3 h5
11.h4 g4
12.Nf3e1 Be7d6
13.Be2d3 Qd8d7
14.Bd3xf5 Qd7xf5
15.Bg3xd6  { time }
1-0

[Event "Match"]
[Site "www.echecsemail.com"]
[Date "2018.07.13"]
[Round "1"]
[White "Trusivka"]
[Black "Cal"]
[WhiteElo "1499"]
[BlackElo "1660"]
[Result "0-1"]
[Round "1"]
1.d4 d5
2.f3 h6
3.Bc1d2 Ng8f6
4.e3 c6
5.Nb1c3 e6
6.e4 dxe4
7.Nc3xe4 Nf6d5
8.Qd1e2 Nb8d7
9.Bd2c3 a6
10.b4 Nd5xc3
11.Ne4xc3 Bf8d6
12.a3 b5
13.O-O-O O-O
14.a4 Bd6xb4
15.Nc3b1 Nd7f6
16.a5 Bc8d7
17.Ng1h3 Qd8xa5
18.Nh3f2 Nf6d5
19.g3 Nd5c3
20.Rd1e1 Nc3xe2
21.Re1xe2 Qa5a1
22.Re2e3 Qa1xd4
23.Re3d3 Qd4xf2
24.Kb2 Ra8d8
25.Rd3d2 Qf2xf3
26.Rh1g1 Qf3e3
27.Rg1g2 Bb4xd2
28.Nb1xd2 e5
29.g4 c5
30.h4 b4
31.Bf1d3 Bd7c6
32.Rg2e2 Qe3d4
33.Kb3 a5
 { time }
0-1

[Event "Tourn. n9814"]
[Site "www.echecsemail.com"]
[Date "2018.07.13"]
[Round "1"]
[White "Marbachess"]
[Black "Coolant"]
[WhiteElo "2550"]
[BlackElo "2340"]
[Result "1-0"]
[Round "1"]
1.f4 c5
2.b3 Nb8c6
3.e4 e5
4.Bc1b2 exf4
5.Qd1f3 Qd8h4
6.g3 fxg3
7.hxg3 Qh4e7
8.Bf1c4 d6
9.Nb1c3 Bc8e6
10.Nc3d5 Be6xd5
11.Bc4xd5 Nc6e5
12.Qf3f1 O-O-O
13.Ng1f3 Ng8f6
14.Nf3xe5 dxe5
15.Qf1f5 Qe7d7
16.Bd5xf7 Qd7xf5
17.exf5 Bf8d6
18.Bf7e6 Kc7
19.O-O-O e4
20.Rd1e1 h5
21.Rh1h3 h4
22.gxh4 Bd6f4
23.Re1e2 Rd8d6
24.Rh3h1 Rh8d8
25.Bb2c3 Nf6h5
26.Rh1g1 e3
27.dxe3 Nh5g3
28.Re2e1 Ng3e4
29.Bc3a5 b6
30.Rg1xg7 { resign }
1-0

[Event "Match"]
[Site "www.echecsemail.com"]
[Date "2018.07.13"]
[Round "1"]
[White "Krystek23"]
[Black "Trusivka"]
[WhiteElo "2520"]
[BlackElo "1590"]
[Result "1-0"]
[Round "1"]
1.c4 d6
2.Nb1c3 e5
3.d3 Nb8d7
4.Ng1f3 f5
5.g3 e4
6.dxe4 Nd7f6
7.e5 Nf6d7
8.exd6 Bf8xd6
9.Bf1g2 Ng8e7
10.Bc1g5 h6
11.Bg5e3 Bd6b4
12.Qd1b3 Ne7c6
13.O-O Kf8
14.Nc3d5  { time }
1-0

[Event "Tourn. n9842"]
[Site "www.echecsemail.com"]
[Date "2018.07.13"]
[Round "1"]
[White "Tonino1"]
[Black "Juheset"]
[WhiteElo "2250"]
[BlackElo "2000"]
[Result "1-0"]
[Round "1"]
1.d4 e5
2.dxe5 f6
3.e4 Ng8e7
4.exf6 gxf6
5.Qd1h5 Ne7g6
6.Bf1d3 Qd8e7
7.Ng1e2 Qe7f7
8.f4 Ng6e7
9.Qh5xf7 Kxf7
10.O-O d6
11.f5 Nb8c6
12.Nb1c3 Nc6e5
13.Bc1f4 Ne5xd3
14.cxd3 Ne7c6
15.d4 a6
16.Ra1c1 Bc8d7
17.Nc3b1 Ra8e8
18.d5 Nc6b4
19.Rc1xc7 Re8d8
20.a3 Nb4d3
21.Bf4c1 Bf8e7
22.Rc7xb7 Bd7b5
23.Ne2d4 Nd3c5
24.Rb7a7 Bb5xf1
25.Kxf1 Nc5xe4
26.Nd4e6 Rd8c8
27.Bc1f4 Rc8b8
28.b4 Rb8b5
29.Ne6c7 Rb5b6
30.Nc7e6 Rh8g8
31.Bf4e3 Rg8g4
32.Be3xb6 h5
33.Bb6d8  { time }
1-0

[Event "Tourn. n9844"]
[Site "www.echecsemail.com"]
[Date "2018.07.13"]
[Round "1"]
[White "Jjmcbride"]
[Black "Ditto"]
[WhiteElo "1660"]
[BlackElo "1800"]
[Result "0-1"]
[Round "1"]
1.e4 e5
2.Ng1f3 Nb8c6
3.c3 Bf8c5
4.b4 Bc5b6
5.b5 Nc6b8
6.d4 d6
7.d5 Bc8g4
8.h3 Bg4d7
9.Nb1d2 Ng8f6
10.a4 a6
11.c4 axb5
12.cxb5 O-O
13.Nd2c4 Bb6c5
14.Bc1a3 Bc5a7
15.Bf1d3 Nf6h5
16.Nf3xe5 dxe5
17.Ba3xf8 Qd8g5
 { time }
0-1

[Event "Tourn. n9891"]
[Site "www.echecsemail.com"]
[Date "2018.07.13"]
[Round "1"]
[White "Fantomas"]
[Black "Dougbeer"]
[WhiteElo "2110"]
[BlackElo "2120"]
[Result "0-1"]
[Round "1"]
1.e4 d5
2.exd5 Ng8f6
3.Nb1c3 Nf6xd5
4.Nc3xd5 Qd8xd5
5.d4 Nb8c6
6.Bc1e3 e5
7.dxe5 Qd5xe5
8.c3 Bf8c5
9.Ng1f3 Qe5e7
10.Nf3d4 Nc6xd4
11.cxd4 Bc5b4
12.Ke2 O-O
13.g3 Bc8g4
14.f3 Rf8e8
15.Qd1d3 Bg4f5
16.Qd3b3 Bf5c2
{ resign }
0-1

[Event "Tourn. n9850"]
[Site "www.echecsemail.com"]
[Date "2018.07.13"]
[Round "1"]
[White "Danquigley"]
[Black "Seger"]
[WhiteElo "2610"]
[BlackElo "2840"]
[Result "1/2-1/2"]
[Round "1"]
1.c4 c5
2.g3 Ng8f6
3.Bf1g2 d5
4.cxd5 Nf6xd5
5.Nb1c3 Nd5c7
6.Ng1f3 Nb8c6
7.O-O e5
8.Nf3e1 Bf8e7
9.Ne1d3 f6
10.f4 c4
11.Nd3e1 exf4
12.Rf1xf4 Bc8e6
13.b3 cxb3
14.axb3 O-O
15.e3 Nc7d5
16.Nc3xd5 Be6xd5
17.Rf4f2 a5
18.Bc1b2 Rf8e8
19.Bg2f1 Kh8
20.Ra1a4 Nc6b4
21.Bf1b5 Re8f8
22.Rf2f4 Qd8b6
23.Bb5c4 Rf8d8
24.Ra4a1 Be7c5
25.Bb2d4 h6
26.Bd4xc5 Qb6xc5
27.Ne1f3 b5
28.Bc4xd5 Rd8xd5
29.Rf4d4 Nb4c6
30.Rd4xd5 Qc5xd5
31.Nf3h4 Nc6e5
32.d4 Ne5f7
33.Qd1f3 Qd5xf3
34.Nh4xf3 { draw }
1/2-1/2

[Event "Tourn. n9861"]
[Site "www.echecsemail.com"]
[Date "2018.07.13"]
[Round "1"]
[White "Alekpax"]
[Black "Azulmarino"]
[WhiteElo "1859"]
[BlackElo "1640"]
[Result "1-0"]
[Round "1"]
1.e4 e5
2.f4 d6
3.d3 Nb8c6
4.Ng1f3 h6
5.Bf1e2 Bc8g4
6.O-O Nc6d4
7.Nf3xd4 Bg4xe2
8.Nd4xe2 Ng8f6
9.Qd1e1 Nf6g4
10.Qe1g3 Qd8d7
11.h3 Ng4f6
12.fxe5 dxe5
13.Qg3xe5 Bf8e7
14.Qe5g3 Nf6h5
15.Qg3f3 O-O
16.Qf3xh5 Be7c5
17.Qh5xc5 f5
18.exf5 Rf8f6
19.Nb1c3 Ra8f8
20.Ne2d4 b6
21.Qc5c4 Kh8
22.Nc3e4 Rf6f7
23.g4 { resign }
1-0

[Event "Tourn. n9871"]
[Site "www.echecsemail.com"]
[Date "2018.07.13"]
[Round "1"]
[White "Foxy100"]
[Black "Fantomas"]
[WhiteElo "2110"]
[BlackElo "2190"]
[Result "1-0"]
[Round "1"]
1.e4 e5
2.Ng1f3 Nb8c6
3.Bf1c4 h6
4.O-O d6
5.h3 Ng8f6
6.Nb1c3 Nc6a5
7.Bc4b3 Na5xb3
8.axb3 a6
9.d4 exd4
10.Nf3xd4 Bc8d7
11.Rf1e1 Bf8e7
12.Bc1e3 O-O
13.Qd1d3 Rf8e8
14.Nd4f3 Be7f8
15.Be3d4 c5
16.Bd4xf6 Qd8xf6
17.Ra1b1 b5
18.Nc3d5 Qf6d8
19.Rb1d1 Bd7c6
20.c3 Ra8b8
21.Rd1d2 Qd8c8
22.Rd2e2 f6
23.Nf3h4 Qc8e6
24.Nd5c7 Qe6xb3
25.Nc7xe8 Bc6xe8
26.Qd3d5 Qb3xd5
27.exd5 Be8f7
28.Re2d2 g6
29.g4 b4
30.c4 a5
31.b3 Rb8b7
32.Rd2e2 Rb7a7
33.Re2a2 Bf8e7
34.f4 Kg7
35.Kh2 Kh7
36.Kg3 Kg7
37.f5 g5
38.Nh4f3 Kf8
39.h4 Be7d8
40.hxg5 hxg5
41.Nf3d2 Ra7e7
42.Re1xe7 Kxe7
43.Nd2e4 Bf7e8
44.Ra2h2 Be8f7
45.Rh2h6 a4
46.bxa4 b3
47.Rh6h2 Bf7e8
48.Rh2e2 Kf8
49.Re2b2 Be8xa4
50.Ne4c3 Ba4d7
51.Rb2xb3 Bd8e7
52.Nc3e4 Bd7a4
53.Rb3b6 { resign }
1-0

[Event "Match"]
[Site "www.echecsemail.com"]
[Date "2018.07.13"]
[Round "1"]
[White "Alekpax"]
[Black "Pinehill"]
[WhiteElo "1539"]
[BlackElo "2100"]
[Result "1-0"]
[Round "1"]
1.e4 d5
2.exd5 Ng8f6
3.d4 Qd8xd5
4.Ng1f3 Bc8g4
5.Bf1e2 c6
6.c4 Qd5a5
7.Nb1c3 e6
8.h3 Bg4h5
9.a3 Nb8d7
10.O-O Bf8e7
11.Bc1f4 h6
12.Be2d3 O-O
13.g4 Bh5g6
14.Bd3xg6 fxg6
15.Qd1e2 Ra8e8
16.Bf4g3 Be7d8
17.Nf3h4 g5
18.Nh4g6 Rf8f7
19.b4 Qa5a6
20.Qe2d3 b6
21.Rf1e1 Nf6h7
22.Nc3e4 c5
23.Ne4d6 Re8f8
24.Re1xe6 Rf7f3
25.Qd3e4 cxb4
26.Re6e8 Rf3xg3
27.fxg3 bxa3
28.Qe4d5 
1-0

[Event "Match"]
[Site "www.echecsemail.com"]
[Date "2018.07.13"]
[Round "1"]
[White "Caspito"]
[Black "Joskomol"]
[WhiteElo "1910"]
[BlackElo "1809"]
[Result "0-1"]
[Round "1"]
1.e4 d6
2.d4 d5
3.e5 e6
4.Ng1f3 c5
5.Bc1e3 cxd4
6.Be3xd4 Nb8c6
7.Bf1b5 a6
8.Bb5xc6 bxc6
9.O-O c5
10.Nb1c3 cxd4
11.Nf3xd4 Bc8d7
12.Qd1f3 Ng8e7
13.Nc3e2 Qd8c7
14.c3 Qc7xe5
15.Rf1e1 Qe5f6
16.Ne2g3 Qf6xf3
17.Nd4xf3 Ra8b8
18.b4 g6
19.a3 Bf8g7
20.Ra1c1 Rb8c8
21.h3 Bg7xc3
22.Re1d1 Bd7a4
23.Rd1d3 Bc3f6
24.Rc1xc8 Ne7xc8
{ resign }
0-1

[Event "Tourn. n9863"]
[Site "www.echecsemail.com"]
[Date "2018.07.13"]
[Round "1"]
[White "Picifarkinca"]
[Black "Cybervincy"]
[WhiteElo "1580"]
[BlackElo "1499"]
[Result "0-1"]
[Round "1"]
1.d4 d5
2.c4 c6
3.cxd5 cxd5
4.Ng1f3 Nb8c6
5.Bc1f4 Ng8f6
6.Nb1c3 Bc8f5
7.e3 e6
8.Bf1d3 Bf5xd3
9.Qd1xd3 Bf8d6
10.Nf3e5 Ra8c8
11.O-O O-O
12.a3 Nf6h5
13.Ne5xc6 Rc8xc6
14.Bf4xd6 Qd8xd6
15.e4 dxe4
16.Qd3xe4 Nh5f6
17.Qe4e5 Rf8d8
18.Ra1d1 Rc6c4
19.Qe5xd6 Rd8xd6
{ resign }
0-1

[Event "1/128 Finale"]
[Site "www.chess-mail.com"]
[Date "2018.07.13"]
[Round "1"]
[White "Amaya"]
[Black "Osopanda"]
[WhiteElo "2170"]
[BlackElo "1930"]
[Result "1-0"]
[Round "1"]
1.d4 d5
2.e3 c5
3.c3 Nb8c6
4.Bf1d3 Ng8f6
5.f4 Bc8g4
6.Ng1f3 e6
7.Nb1d2 Bf8e7
8.O-O O-O
9.Qd1e1 cxd4
10.cxd4 Nf6e4
11.Nd2xe4 dxe4
12.Bd3xe4 Be7f6
13.Nf3e5 Bf6xe5
14.fxe5 f6
15.exf6 Rf8xf6
16.Be4xh7 Kxh7
17.Qe1h4 Rf6h6
18.Qh4xg4 Qd8d6
19.g3 Ra8f8
20.Rf1xf8 Qd6xf8
21.Bc1d2 Rh6f6
22.Bd2c3 Rf6g6
23.Qg4e4 Qf8f5
24.Qe4xf5 exf5
25.Ra1f1 Rg6e6
26.Rf1xf5 Re6xe3
27.d5 Nc6e7
28.Rf5f7 Ne7xd5
29.Rf7xg7 Kh6
30.Rg7xb7 Nd5xc3
31.bxc3 Re3xc3
32.Rb7xa7 Kh5
33.a4 Rc3a3
34.a5 Kg4
35.Ra7g7 Kf3
36.Rg7f7 Kg4
37.Rf7f4 Kg5
38.Kg2 Ra3xa5
39.Kh3 Ra5a2
40.Rf4g4 Kh5
41.Rg4g8 Ra2b2
42.g4 Kh6
43.Kg3 Kh7
44.Rg8c8 Kg6
45.Rc8c6 Kg7
46.h3 Rb2b1
47.Kh4 Rb1b3
48.g5 Kh7
49.Kg4 Kg7
50.h4 Rb3b4
51.Kh5 Kf7
52.g6 Kg7
53.Rc6c7 Kg8
54.Kg5 Rb4b5
55.Kh6 Rb5b8
56.h5 Kh8
57.Rc7h7 Kg8
58.Rh7f7 Kh8
59.g7 Kg8
60.Kg6 Rb8b6
61.Rf7f6 Rb6b8
62.h6 { resign }
1-0

[Event "1/128 Finale"]
[Site "www.chess-mail.com"]
[Date "2018.07.13"]
[Round "1"]
[White "Picifarkinca"]
[Black "Alekpax"]
[WhiteElo "1570"]
[BlackElo "1539"]
[Result "0-1"]
[Round "1"]
1.d4 Ng8f6
2.c4 g6
3.Nb1c3 Bf8g7
4.e4 d6
5.f3 O-O
6.Bc1e3 b6
7.Qd1d2 c5
8.Ra1d1 cxd4
9.Be3xd4 Nb8c6
10.Bd4e3 Nc6e5
11.b3 Bc8b7
12.Nc3d5 Nf6xd5
13.cxd5 f5
14.Bf1e2 fxe4
15.fxe4 e6
16.Ng1f3 Ne5xf3
17.Be2xf3 exd5
18.exd5 Qd8h4
19.Qd2f2 Qh4b4
20.Kf1 Ra8e8
{ resign }
0-1

[Event "Match"]
[Site "www.echecsemail.com"]
[Date "2018.07.14"]
[Round "1"]
[White "Dussek"]
[Black "Alessiov"]
[WhiteElo "1760"]
[BlackElo "1569"]
[Result "0-1"]
[Round "1"]
1.c4 e5
2.Nb1c3 Bf8b4
3.Nc3d5 Bb4e7
4.e4 Ng8f6
5.d3 Nf6xd5
6.cxd5 c6
7.Ng1f3 cxd5
8.Nf3xe5 dxe4
9.d4 O-O
10.Bf1c4 d5
11.Bc4b3 Be7b4
12.Bc1d2 Bb4xd2
13.Qd1xd2 f6
14.Ra1c1 fxe5
15.dxe5 Bc8e6
16.O-O Nb8c6
17.Qd2c3 a5
18.Rc1d1 a4
19.Bb3c4 Qd8a5
20.Qc3xa5 Ra8xa5
21.Bc4e2 d4
22.h3 d3
23.Be2g4 Be6xg4
24.hxg4 Nc6xe5
25.g5 Ne5f3
26.gxf3 Ra5xg5
27.Kh2 Rf8f6
{ resign }
0-1

[Event "Match"]
[Site "www.echecsemail.com"]
[Date "2018.07.14"]
[Round "1"]
[White "Add"]
[Black "Ericleo1980"]
[WhiteElo "2250"]
[BlackElo "2160"]
[Result "1-0"]
[Round "1"]
1.e4 c5
2.Nb1c3 d6
3.d4 cxd4
4.Qd1xd4 Nb8c6
5.Bf1b5 Bc8d7
6.Bb5xc6 Bd7xc6
7.Ng1e2 e6
8.O-O Ng8f6
9.a3 Bf8e7
10.f3 O-O
11.Bc1g5  { time }
1-0

[Event "Tourn. n9803"]
[Site "www.echecsemail.com"]
[Date "2018.07.14"]
[Round "1"]
[White "Hansen"]
[Black "Trusivka"]
[WhiteElo "1500"]
[BlackElo "1559"]
[Result "1-0"]
[Round "1"]
1.e4 d6
2.a3 c6
3.d3 d5
4.g4 f6
5.Bf1g2 e6
6.g5 h6
7.Qd1h5 g6
8.Qh5h4 fxg5
9.Qh4g3 Bf8e7
10.exd5 exd5
11.Qg3e5 Nb8d7
12.Qe5xh8 Be7f6
13.Qh8h7 b6
14.Qh7xg8 Nd7f8
15.c3 Bc8e6
16.Qg8xf8 Kxf8
17.Ng1f3 c5
18.b4 cxb4
19.axb4  { time }
1-0

[Event "Match"]
[Site "www.echecsemail.com"]
[Date "2018.07.14"]
[Round "1"]
[White "Comrade"]
[Black "Cathar"]
[WhiteElo "2320"]
[BlackElo "2170"]
[Result "0-1"]
[Round "1"]
1.c4 f5
2.d4 Ng8f6
3.Nb1c3 d6
4.Ng1f3 g6
5.Bc1g5 Nb8d7
6.Qd1c2 Bf8g7
7.h3 O-O
8.e3 c6
9.Bf1d3 e5
10.dxe5 dxe5
11.e4 f4
12.O-O h6
13.Bg5xf6 Qd8xf6
14.Ra1d1 Nd7c5
15.Bd3e2 g5
16.b4 Nc5e6
17.c5 h5
 { time }
0-1

[Event "Match"]
[Site "www.echecsemail.com"]
[Date "2018.07.14"]
[Round "1"]
[White "Gidgud"]
[Black "Geodad5"]
[WhiteElo "2109"]
[BlackElo "2150"]
[Result "1-0"]
[Round "1"]
1.e4 c5
2.Ng1f3 d6
3.d4 cxd4
4.Nf3xd4 Bc8d7
5.Nb1c3 Nb8c6
6.Nd4b3 g6
7.Bc1e3 Bf8g7
8.Bf1e2 Ng8f6
9.O-O O-O
10.Qd1d2 Ra8c8
11.Be3h6 a6
12.Bh6xg7 Kxg7
13.Ra1d1 b5
14.a3 Rf8h8
15.h4 Nc6e5
16.Qd2d4 Bd7e6
17.f4 Ne5c6
18.Qd4e3 Nf6d7
19.Nb3d4 Nc6xd4
20.Qe3xd4 f6
21.f5 Be6c4
22.Rd1d2 Bc4xe2
23.Nc3xe2 Rc8c4
24.Qd4e3 Nd7e5
25.b3 Rc4c5
26.Ne2d4 Qd8c8
27.Nd4e6 Kf7
28.Ne6xc5 dxc5
29.Rd2d5 c4
30.Rd5xe5 fxe5
31.fxg6 Kg7
32.Rf1f7 Kxg6
33.Rf7f5 Qc8xf5
34.exf5 Kxf5
35.g4 Kxg4
36.Qe3g5 Kf3
37.Qg5f5 { resign }
1-0

[Event "Tourn. n9836"]
[Site "www.echecsemail.com"]
[Date "2018.07.14"]
[Round "1"]
[White "Sbb"]
[Black "Tonino1"]
[WhiteElo "2710"]
[BlackElo "2220"]
[Result "1-0"]
[Round "1"]
1.Ng1f3 d6
2.d4 Ng8f6
3.c4 c6
4.Nb1c3 Qd8c7
5.e4 e5
6.Bf1e2 Bf8e7
7.O-O O-O
8.Bc1e3 Nf6g4
9.Be3d2 f5
10.h3 Ng4h6
11.Bd2xh6 gxh6
12.exf5 Bc8xf5
13.Be2d3 Nb8d7
14.dxe5 Nd7xe5
15.Nf3xe5 dxe5
16.Bd3xf5 Rf8xf5
17.Qd1g4 Rf5g5
18.Qg4e6 Kh8
19.Ra1d1 Ra8d8
20.Rd1xd8 Qc7xd8
21.Nc3e4 Be7f8
22.Ne4xg5 Qd8xg5
23.Qe6c8 Qg5g7
24.Rf1d1 Qg7e7
25.Rd1d7 Qe7b4
26.Rd7f7 Kg8
27.Qc8e6 Qb4xb2
28.Rf7f3 Kh8
29.Rf3xf8  { time }
1-0

[Event "Match"]
[Site "www.echecsemail.com"]
[Date "2018.07.14"]
[Round "1"]
[White "Trusivka"]
[Black "Caspito"]
[WhiteElo "1499"]
[BlackElo "1930"]
[Result "0-1"]
[Round "1"]
1.Ng1f3 Nb8c6
2.e4 e5
3.Nf3xe5 Nc6xe5
4.d4 Ne5g6
5.g3 Ng8f6
6.f3 b6
7.e5 Nf6d5
8.c4 Nd5b4
9.a3 Nb4c6
10.d5 Nc6xe5
11.b3 Bf8d6
12.Bc1e3 O-O
13.Bf1h3 c6
14.Qd1c2 Ne5xf3
15.Kd1 Bc8b7
16.Bh3g4 Nf3e5
17.Nb1c3 Ne5xg4
18.Be3f2 cxd5
19.Nc3xd5 Ng4xf2
20.Qc2xf2 Ng6e5
21.Nd5e3 Bb7xh1
22.Qf2g1 Bh1f3
23.Ke1 Bf3c6
24.Ne3d1 Ne5d3
25.Kd2 Bc6e4
26.Qg1d4 Be4g6
27.Qd4xd6 Ra8c8
28.Ra1b1 Nd3c5
29.b4 Nc5e4
30.Kc1 Ne4xd6
31.c5 Qd8g5
 { time }
0-1

[Event "Match"]
[Site "www.echecsemail.com"]
[Date "2018.07.14"]
[Round "1"]
[White "Sagara1977"]
[Black "Azulmarino"]
[WhiteElo "1480"]
[BlackElo "1660"]
[Result "1-0"]
[Round "1"]
1.e4 e5
2.Qd1f3 Ng8f6
3.Bf1c4 Bf8c5
4.d3 d6
5.h3 h6
6.Nb1c3 a6
7.Nc3d5 Nf6xd5
8.Bc4xd5 Bc8e6
9.Bd5xb7 Ra8a7
10.Bb7d5 Qd8d7
11.Bc1e3 Qd7a4
12.b3 Bc5b4
13.Be3d2 c6
14.bxa4 Bb4c5
15.Bd2e3 { resign }
1-0

[Event "Match"]
[Site "www.echecsemail.com"]
[Date "2018.07.14"]
[Round "1"]
[White "Biggles"]
[Black "Apdash"]
[WhiteElo "2120"]
[BlackElo "1810"]
[Result "0-1"]
[Round "1"]
1.e4 c5
2.Ng1f3 d6
3.d4 cxd4
4.Nf3xd4 Nb8c6
5.Bc1e3 Ng8f6
6.Nb1c3 Bc8d7
7.Bf1c4 e6
8.O-O a6
9.f4 Bf8e7
10.e5 dxe5
11.Nd4xc6 Bd7xc6
12.Qd1e1 exf4
13.Ra1d1 Qd8a5
14.Be3xf4 Qa5b6
15.Kh1 Qb6xb2
16.Bc4b3 Be7b4
17.Bf4e5 Nf6d7
18.Be5xg7 Rh8g8
19.Bg7d4 Bc6xg2
20.Kg1 Nd7c5
21.Rf1xf7 Bg2d5
22.Rf7g7 Rg8xg7
23.Bd4xg7 O-O-O
24.Qe1e3 Rd8g8
25.Kf1 Rg8xg7
26.Nc3xd5 exd5
27.Bb3xd5 Qb2f6
28.Bd5f3 Rg7e7
29.Qe3f2 Re7f7
30.Kg2 Qf6g5
31.Kh1 Kb8
32.Qf2e2 Qg5e7
33.Qe2g2 Bb4a5
34.c4 Ba5b6
35.Rd1b1 Ka7
36.Bf3d5 Rf7g7
37.Qg2f2 Nc5a4
38.Qf2c2 Qe7e3
39.Bd5g2 Na4c5
40.a4 Nc5d3
41.c5 Bb6xc5
42.Rb1f1 Nd3e1
43.Qc2b2 Rg7xg2
{ resign }
0-1